000 00500nam a2200181Ia 4500
008 240925s9999 xx 000 0 und d
020 _a134699823
082 _a624.18210285 ADE
100 _aAdeli, Hojjat
245 0 _aInteractive Microcomputer-Aided: sctructural stell design
250 _aNA
260 _aNew Jersey:
_bPrintice- Hall Int.
_c,1988.
300 _axx,829p.
_bNA
_fOriginal
500 _aIncludes Index
600 _aElectronic Engineering
650 _aTechnology
942 _cBK
999 _c3825
_d3825